000 00687nam a2200289Ia 4500
008 160321s9999||||xx |||||||||||||| ||und||
040 _cEnglish
082 _aXI.C Besant
082 _bBORI-24353
100 _aAnnie Basant
245 _aHYPNOTISM AND MESMERISM
260 _aMadras
260 _bThe Theosophical Publishing House
260 _c1948
300 _a65
300 _cA
300 _ePaperbook
530 _u00004229.pdf
563 _aStudy
600 _aAnnie Basant
630 _aHYPNOTISM AND MESMERISM
650 _aGeneral Indology
650 _aPhilosophy
700 _aAnnie Basant
730 _aHYPNOTISM AND MESMERISM
942 _cBOOK
999 _c1359604
_d1359601